UBT Library

Fytyrë e Panjohur (Record no. 60832)

000 -LEADER
fixed length control field 00296nam a22001337a 4500
008 - FIXED-LENGTH DATA ELEMENTS--GENERAL INFORMATION
fixed length control field 260220b ||||| |||| 00| 0 eng d
020 ## - INTERNATIONAL STANDARD BOOK NUMBER
International Standard Book Number 9789994369546
041 ## - LANGUAGE CODE
Language code of text/sound track or separate title Shqip
080 ## - UNIVERSAL DECIMAL CLASSIFICATION NUMBER
Universal Decimal Classification number 20.1
100 ## - Rafti
Rafti 20.1
101 ## - Shkurtesa
Shkurtesa poezi
245 ## - TITLE STATEMENT
Title Fytyrë e Panjohur
Statement of responsibility, etc Sadik Bejko
942 ## - ADDED ENTRY ELEMENTS (KOHA)
Source of classification or shelving scheme
Item type Books
Holdings
Withdrawn status Lost status Source of classification or shelving scheme Damaged status Not for loan Collection code Permanent location Current location Date acquired Total Checkouts Full call number Date last seen Price effective from Koha item type Barcode
          Koleksioni i përgjithshem UBT - Lipjan UBT - Lipjan 02/20/2026   002-800070999469 02/20/2026 02/20/2026 Books  
          Koleksioni i përgjithshem UBT - Lipjan UBT - Lipjan 02/23/2026     02/23/2026 02/23/2026 Books 002-800070999612
          Koleksioni i përgjithshem UBT - Lipjan UBT - Lipjan 02/23/2026     02/23/2026 02/23/2026 Books 002-800070999613
          Koleksioni i përgjithshem UBT - Lipjan UBT - Lipjan 02/23/2026     02/23/2026 02/23/2026 Books 002-800070999614
          Koleksioni i përgjithshem UBT - Lipjan UBT - Lipjan 02/23/2026     02/23/2026 02/23/2026 Books 002-800070999615
          Koleksioni i përgjithshem UBT - Lipjan UBT - Lipjan 02/23/2026     02/23/2026 02/23/2026 Books 002-800070999616
          Koleksioni i përgjithshem UBT - Lipjan UBT - Lipjan 03/09/2026     03/09/2026 03/09/2026 Books 003-80007099942
          Koleksioni i përgjithshem UBT - Lipjan UBT - Lipjan 03/09/2026     03/09/2026 03/09/2026 Books 003-80007099943
UBT Library © 2015-2024. All rights reserved University Education for Business and Technology